MARC

LEADER 00000nam0a2200000 4500
001 47945
005 20231101211123.0
010 |a 5901981057 
035 |a (RuTPU)RU\TPU\book\50136 
090 |a 47945 
100 |a 20030227d2002 km y0rusy50 ca 
101 0 |a rus 
102 |a RU 
105 |a y z 001zy 
200 1 |a Россия и США в новом мировом порядке  |e Дискуссии в политико-академических сообществах России и США (1991-2002)  |f Т. А. Шаклеина  |g Российская академия наук; Институт США и Канады 
210 |a Москва  |c Институт США И Канады  |d 2002 
215 |a 415 с. 
320 |a Библиогр.: с. 401-431 
606 |a Российско-Американские отношения  |x Внешняя политика  |z 21 в.  |2 stltpush  |3 (RuTPU)RU\TPU\subj\71823  |9 85561 
610 1 |a внешняя политика 
610 1 |a международные отношения 
610 1 |a Россия 
610 1 |a США 
610 1 |a политические дискуссии 
610 1 |a сравнительный анализ 
610 1 |a историография 
610 1 |a СССР 
610 1 |a 20 век 
610 1 |a 21 век 
610 1 |a Российская Федерация 
610 1 |a внешнеполитическая идеология 
610 1 |a международная безопасность 
686 |a Ф4(2)9(7США)  |v LBC/SL-A  |2 rubbk 
700 1 |a Шаклеина  |b Т. А.  |g Татьяна Алексеевна 
712 0 2 |a Российская академия наук (РАН)  |b Институт США и Канады (ИСК)  |c (Москва)  |2 stltpush  |3 (RuTPU)RU\TPU\col\254 
801 1 |a RU  |b 63413507  |c 20030227  |g PSBO 
801 2 |a RU  |b 63413507  |c 20210614  |g PSBO 
942 |c BK